| 000 | 00971cam a2200277 a 4500 | ||
|---|---|---|---|
| 001 | 645949 | ||
| 003 | OSt | ||
| 005 | 20230717105403.0 | ||
| 008 | 931012s1992 fr a b i000 0 eng | ||
| 010 | _a 93216748 | ||
| 020 | _a9280311425 | ||
| 040 |
_aDLC _cDLC _dDLC |
||
| 082 |
_a370.1 _bBER |
||
| 100 | 1 |
_aBertrand, Olivier, _d1928- |
|
| 245 | 1 | 0 |
_aPlanning human resources : _bmethods, experiences, and practices / _cOlivier Bertrand. |
| 260 |
_aParis : _bUNESCO, International Institute for Educational Planning, _c1992. |
||
| 300 |
_a172 p. : _bill. ; _c21 cm. |
||
| 440 | 0 |
_aFundamentals of educational planning ; _v41 |
|
| 504 | _aIncludes bibliographical references (p. 168-172). | ||
| 650 | 0 | _aEducational planning. | |
| 650 | 0 | _aManpower policy. | |
| 650 | 0 |
_aLabor supply _xEffect of education on. |
|
| 906 |
_a7 _bcbc _corignew _d2 _encip _f19 _gy-gencatlg |
||
| 942 |
_2ddc _cBK |
||
| 999 |
_c3983 _d3983 |
||